header

Manpower needs of Automated Libraries (Record no. 260439)

MARC details
000 -LEADER
fixed length control field 00424nam a22001697a 4500
003 - CONTROL NUMBER IDENTIFIER
control field OSt
005 - DATE AND TIME OF LATEST TRANSACTION
control field 20230803101738.0
008 - FIXED-LENGTH DATA ELEMENTS--GENERAL INFORMATION
fixed length control field 230803b xxu||||| |||| 00| 0 eng d
020 ## - INTERNATIONAL STANDARD BOOK NUMBER
International Standard Book Number 8170001870
040 ## - CATALOGING SOURCE
Transcribing agency RU
050 ## - LIBRARY OF CONGRESS CALL NUMBER
Classification number Z692
Item number .G878 1995
100 ## - MAIN ENTRY--PERSONAL NAME
Personal name Gupta, Sangita
245 ## - TITLE STATEMENT
Title Manpower needs of Automated Libraries
260 ## - PUBLICATION, DISTRIBUTION, ETC. (IMPRINT)
Place of publication, distribution, etc New Delhi India
Name of publisher, distributor, etc Ess Ess Publications
Date of publication, distribution, etc 1995
300 ## - PHYSICAL DESCRIPTION
Extent 281p
942 ## - ADDED ENTRY ELEMENTS (KOHA)
Source of classification or shelving scheme Library of Congress Classification
Koha item type Long Loan Books
Holdings
Withdrawn status Lost status Source of classification or shelving scheme Damaged status Not for loan Collection code Home library Current library Shelving location Date acquired Total Checkouts Full call number Barcode Date last seen Price effective from Koha item type
    Library of Congress Classification     Non-fiction Rongo University Library Rongo University Library General Stacks 03/08/2023   Z692 .G878 1995 20091084 03/08/2023 03/08/2023 Long Loan Books

© 2026 Rongo University
Contact us: librarian | system librarian | Rongo university